000 00598nam a2200205 i 4500
001 103586
003 ES-MaACL
005 20230906183413.0
007 t|
008 060418s1983 sp ||||1| spa d
020 _a84-7077-121-3
080 _a821.134.2-43"19"
080 _a32(460)"1975/82"(043)
100 1 _aRomero, Emilio.
_999320
245 1 3 _aLa historia ejecuta a los ninfos /
_cEmilio Romero.
260 _a[Valencia] :
_bMas Ivars,
_c[1983]
300 _a278 p. ;
_c22 cm.
651 4 _aEspaña-
_xPolítica y gobierno-
_y1975-1982.
_98447
852 _aES-MaACL
_jC-56905
_bR.130890
999 _c103586
_d103586